Les 50 plus grandes villes du monde - Statistiques

Statistiques générales
  • Ce quiz a été pris 429 fois
  • Le résultat moyen est 23 sur 50
Statistiques - réponses
Réponses Population % Correct
Tokyo 9 071 577
96%
New York 8 405 837
94%
Pékin 21 150 000
90%
Delhi 16 787 941
86%
Londres 8 416 535
85%
Moscou 12 111 194
83%
Shanghai 23 654 000
83%
Mexico 8 874 724
81%
Rio de Janeiro 6 429 923
77%
Le Caire 11 922 949
76%
Sao Paulo 11 821 873
74%
Bombay 12 478 447
73%
Jakarta 10 988 329
68%
Séoul 9 888 055
66%
Istanbul 14 160 467
64%
Lagos 21 000 000
60%
Bangkok 8 280 925
57%
Canton 12 700 800
56%
Hong Kong 7 219 700
56%
Sydney 4 676 118
55%
Dacca 12 043 977
54%
Kinshasa 10 235 000
49%
Bogota 7 776 845
48%
Saint-Pétersbourg 5 131 967
47%
Lima 8 693 387
46%
Singapour 5 399 200
46%
Téhéran 8 154 051
46%
Santiago 5 743 719
41%
Karachi 16 051 521
37%
Bagdad 7 180 889
36%
Hanoï 6 844 100
34%
Riyad 5 676 621
29%
Lahore 11 318 745
26%
Shenzhen 10 467 400
26%
Wuhan 6 886 253
26%
Bangalore 8 425 970
24%
Abidjan 4 765 000
23%
Alexandrie 4 616 625
23%
Hô-Chi-Minh-Ville 7 681 700
23%
Luanda 5 278 800
18%
Chennai 4 681 087
16%
Chongqing 15 294 255
16%
Tianjin 9 341 844
16%
Chengdu 4 741 929
13%
Hyderabad 6 809 970
12%
Ahmedabad 5 570 585
8%
Rangoun 4 714 000
6%
Shantou 5 391 028
3%
Dongguan 8 220 207
1%
Foshan 6 151 622
0%
Aucun quiz correspondant
Distribution des résultats
% des personnes avec chaque résultat
Percentile par nombre de réponses
Votre historique - résultats
Vous n’avez pas pris ce quiz